00955 2200325 4500001002100000005001500021035002000036007000300056040001700059245009700076250001500173300003200188020001800220041000800238082001000246084001600256090002000272264002900292336002100321337003000342338002300372650003400395850001000429008004100439700004300480700003300523100002500556990002400581990002400605INLIS00000000000510220260515053938 a0010-0222000192ta aSBPUPADbind1 aKepemimpinan Dalam Organisasi /cYukl Gary ; Editor, Eli Tanya ; Penerjemah, Budi Supriyanto aEd. 5, Cet axvii, 526 hal. ;c20 x 25cm a979-062-205-8 aind a303.4 a303.4 YUK k a330.1 ISM m 8-8 aJakarta :bIndeks,c2010 2rdacontentaTeks 2rdamediaaTanpa Perantara 2rdacarrieraVolume 4aKepemimpinan Dalam Organisasi aPUPAD260515 0  aPenerjemah, Budi SupriyantoePengarang aEditor, Eli TanyaePengarang0 aYukl GaryePengarang a603/S/KAPD/PDG/2012 a604/S/KAPD/PDG/2012